00367nam a22000977a 4500008004100000082002100041245014800062260004400210300000800254440000700262230626b xxu||||| |||| 00| 0 eng d a328.33bIPU 1989 aInter-Parliamentary Symposium on the Participation of Women in the Political and Parliamentary Decision-Making ProcessbReports and Conclusions aGenevabInter-Parliamentary Unionc1989 a96p n16